MARC

LEADER 00000nam0a2200000 4500
001 292126
005 20231102000449.0
020 |a RU  |b 83-92399 
035 |a (RuTPU)RU\TPU\book\316739 
090 |a 292126 
100 |a 20150420d1984 m y0rusy5003 ca 
101 0 |a rus  |a fre 
102 |a RU 
105 |a a j 000zy 
200 1 |a Учебник французского языка  |e Для I курса ин-тов и фак. иностр. яз.  |f И. Н. Попова, Ж. А. Казакова, Н. А. Кашинская 
205 |a 8-е изд., испр. 
210 |a Москва  |c Высшая школа  |d 1984 
215 |a 431 с.  |c ил. 
606 |a Французский язык  |x Учебные руководства и пособия для вузов  |2 stltpush  |3 (RuTPU)RU\TPU\subj\16836  |9 42736 
610 1 |a учебники 
610 1 |a лексика 
610 1 |a грамматика 
610 1 |a фонетика 
610 1 |a чтение 
610 1 |a письменная речь 
610 1 |a устная речь 
610 1 |a переводы 
686 |a Ш147.11-923  |2 rubbk 
700 1 |a Попова  |b И. Н.  |g Ирина Николаевна 
701 1 |a Казакова  |b Ж. А.  |g Жоржетта Александровна 
701 1 |a Кашинская  |b Н. А.  |g Нина Алексеевна 
801 0 |a RU  |b RuMRKP  |c 19950704  |g psbo 
801 1 |a RU  |b 63413507  |c 20150420 
801 2 |a RU  |b 63413507  |c 20181116  |g RCR 
942 |c BK